[Event "VII Open Basso Veronese"]
[Site "Casaleone ITA"]
[Date "2014.05.16"]
[Round "1"]
[White "Rondelli, Roberto"]
[Black "Ferretti, Alessandro"]
[WhiteElo "1746"]
[BlackElo "2016"]
[Result "0-1"]
[PlyCount "68"]
[EventDate "2014.05.16"]

1. Nf3 Nc6 2. d4 d5 3. Bf4 Bg4 4. e3 f6 5. Bb5 e6 6. Nbd2 Nge7 7. h3 Bh5 8. c4
a6 9. Ba4 dxc4 10. Bxc6+ Nxc6 11. g4 Bf7 12. a3 b5 13. g5 Bd6 14. Bxd6 cxd6 15.
gxf6 gxf6 16. Nh4 f5 17. Qf3 Rc8 18. Ng2 Ne7 19. Nf4 Ng6 20. Nxg6 hxg6 21. Qb7
Qd7 22. Qxa6 Ke7 23. Qa5 Qc6 24. O-O-O c3 25. bxc3 Ra8 26. Qb4 Ra4 27. Qb2 e5
28. Nb1 b4 29. Kd2 Qf3 30. Rh2 bxa3 31. Nxa3 Rha8 32. Ra1 Bc4 33. Ke1 Rb8 34.
Qc2 Rxa3 0-1

[Event "VII Open Basso Veronese"]
[Site "Casaleone ITA"]
[Date "2014.05.16"]
[Round "1"]
[White "Solinas, Roberto"]
[Black "Pegoraro, Nicola"]
[WhiteElo "1719"]
[BlackElo "1999"]
[Result "0-1"]
[PlyCount "70"]
[EventDate "2014.05.16"]

1. d4 f5 2. Nf3 Nf6 3. c4 e6 4. Nc3 Bb4 5. a3 Bxc3+ 6. bxc3 d6 7. g3 O-O 8. Bg2
Qe8 9. O-O Nbd7 10. e3 Ne4 11. Qd3 Qh5 12. Nd2 Ndf6 13. Nxe4 fxe4 14. Qd1 Qxd1
15. Rxd1 Bd7 16. a4 Rf7 17. Bd2 a5 18. f3 Bc6 19. f4 Nd7 20. Bc1 Nb6 21. d5
exd5 22. cxd5 Bxd5 23. Rd4 Re7 24. c4 Bc6 25. Ba3 Nxa4 26. Rad1 Nc5 27. Bxc5
dxc5 28. R4d2 Kf7 29. Bh3 b6 30. Bd7 Bxd7 31. Rxd7 Ra7 32. g4 Rxd7 33. Rxd7+
Kf8 34. Kf2 a4 35. Rd2 a3 0-1

[Event "VII Open Basso Veronese"]
[Site "Casaleone ITA"]
[Date "2014.05.16"]
[Round "1"]
[White "Zanchetta, Nicola"]
[Black "Moscato, Riccardo"]
[WhiteElo "1937"]
[BlackElo "1609"]
[Result "1-0"]
[PlyCount "67"]
[EventDate "2014.05.16"]

1. e4 c5 2. f4 e6 3. Nf3 Nc6 4. d3 d6 5. b3 Qf6 6. c3 e5 7. f5 h6 8. h4 g6 9.
g4 gxf5 10. gxf5 Qg7 11. Rg1 Qh7 12. Na3 Bd7 13. Bd2 Nf6 14. Qe2 d5 15. Nc2
dxe4 16. dxe4 Nxe4 17. O-O-O Qxf5 18. Ne3 Qh7 19. Ng4 Bg7 20. Kb2 O-O-O 21. Bh3
f5 22. Ne3 Bf6 23. Qb5 Nxd2 24. Nxd2 Bxh4 25. Ndc4 Be7 26. Rxd7 Rxd7 27. Bxf5
Qf7 28. Bxd7+ Kc7 29. Bxc6 bxc6 30. Qa5+ Kb8 31. Rd1 Qe6 32. Qa6 Rf8 33. Na5
Rf2+ 34. Ka1 1-0

[Event "VII Open Basso Veronese"]
[Site "Casaleone ITA"]
[Date "2014.05.16"]
[Round "1"]
[White "Zanini, Andrea"]
[Black "Giuriato, Sergio"]
[WhiteElo "1685"]
[BlackElo "1946"]
[Result "0-1"]
[PlyCount "114"]
[EventDate "2014.05.16"]

1. Nf3 Nf6 2. d4 d5 3. e3 e6 4. Bd3 c5 5. b3 Nc6 6. Bb2 Bd6 7. O-O O-O 8. Nbd2
Qe7 9. Ne5 Nb4 10. Be2 Nd7 11. a3 Nc6 12. f4 f6 13. Nxc6 bxc6 14. Nf3 a5 15. a4
Rb8 16. Ba3 cxd4 17. Bxd6 Qxd6 18. Nxd4 e5 19. Nf5 Qc5 20. Qd3 exf4 21. Rxf4
Ne5 22. Qd2 Re8 23. Nd4 Bd7 24. Raf1 Ng6 25. R4f2 Re5 26. Bd3 Rbe8 27. Bxg6
hxg6 28. Rf3 Qb6 29. Rg3 g5 30. Qd3 Bc8 31. Qg6 c5 32. Nf5 Bxf5 33. Rxf5 c4 34.
Rh3 Rxe3 35. Qh7+ Kf7 36. Qh5+ Ke7 37. Rxe3+ Qxe3+ 38. Rf2 Kd6 39. Qd1 Qe1+ 40.
Rf1 Qxd1 41. Rxd1 cxb3 42. cxb3 Re3 43. Rb1 Kc5 44. Kf2 Rc3 45. Ke2 Kb4 46. Rd1
Kc5 47. Rb1 d4 48. g4 Rh3 49. Rc1+ Kd5 50. Rc7 Rxh2+ 51. Kd3 Rh3+ 52. Kc2 Rc3+
53. Rxc3 dxc3 54. Kxc3 g6 55. b4 axb4+ 56. Kxb4 Kc6 57. Kc4 f5 0-1

[Event "VII Open Basso Veronese"]
[Site "Casaleone ITA"]
[Date "2014.05.16"]
[Round "1"]
[White "Zonta, Riccardo"]
[Black "Benaddi, Redouane"]
[WhiteElo "1606"]
[BlackElo "1875"]
[Result "0-1"]
[PlyCount "68"]
[EventDate "2014.05.16"]

1. e4 d6 2. d4 g6 3. Nf3 Bg7 4. Bc4 Nf6 5. Nc3 O-O 6. O-O a6 7. a3 Nbd7 8. h3
e5 9. d5 b5 10. Ba2 h6 11. b4 Nh7 12. Nh2 f5 13. f3 Ndf6 14. Nb1 Nh5 15. Nc3
Ng3 16. Re1 f4 17. Nf1 Qh4 18. Ne2 Bxh3 19. gxh3 Qxh3 20. Nexg3 fxg3 21. Qe2
Rf4 22. Qg2 Ng5 23. Bxf4 exf4 24. Rad1 Qh4 25. Nxg3 fxg3 26. Kf1 Nxf3 27. Re3
Nh2+ 28. Ke2 Be5 29. Kd3 Rf8 30. Rh1 Rf2 31. Qg1 g2 32. Bb3 Bf4 33. e5 Bxe3 34.
Rxh2 Qd4# 0-1

[Event "VII Open Basso Veronese"]
[Site "Casaleone ITA"]
[Date "2014.05.17"]
[Round "2"]
[White "Adami, Antonio"]
[Black "Zonta, Riccardo"]
[WhiteElo "1746"]
[BlackElo "1606"]
[Result "1-0"]
[PlyCount "83"]
[EventDate "2014.05.16"]

1. e4 d5 2. exd5 Qxd5 3. Nc3 Qd8 4. Bc4 Nf6 5. d3 c6 6. Bd2 Bf5 7. f3 h6 8. Qe2
e6 9. g4 Bh7 10. f4 Be7 11. h4 b5 12. Bb3 Nd5 13. Nf3 a5 14. a3 a4 15. Ba2 Nd7
16. g5 h5 17. Nd4 Nxc3 18. Bxc3 Qb6 19. Qxh5 O-O 20. Nxe6 Qe3+ 21. Qe2 Qxe2+
22. Kxe2 Rfc8 23. Nxg7 Nc5 24. f5 Bf8 25. g6 Bxg7 26. Bxf7+ Kh8 27. gxh7 Bxc3
28. bxc3 Kxh7 29. Kd2 Ra7 30. Bg6+ Kh6 31. Rae1 Rf8 32. Re5 Na6 33. Rhe1 c5 34.
Re7 Rfa8 35. Rxa7 Rxa7 36. Re8 Kg7 37. h5 b4 38. Re6 bxa3 39. f6+ Kh6 40. f7 a2
41. f8=Q+ Kg5 42. Qf5+ 1-0

[Event "VII Open Basso Veronese"]
[Site "Casaleone ITA"]
[Date "2014.05.17"]
[Round "2"]
[White "Benaddi, Redouane"]
[Black "Bertani, Gianfranco"]
[WhiteElo "1875"]
[BlackElo "2048"]
[Result "1-0"]
[PlyCount "81"]
[EventDate "2014.05.16"]

1. Nf3 d5 2. g3 e6 3. Bg2 Bd6 4. d4 f5 5. O-O Nf6 6. Ne5 O-O 7. c4 c6 8. Bg5
Nbd7 9. f4 h6 10. Bh4 Qe8 11. Nd2 Bxe5 12. dxe5 Ng4 13. Qb3 d4 14. Nf3 c5 15.
h3 Ne3 16. Bh1 Nxf1 17. Kxf1 Nb6 18. a4 Rb8 19. Qa3 Nd7 20. b4 b6 21. Nd2 Nxe5
22. fxe5 g5 23. Bxg5 hxg5 24. bxc5 Qh5 25. c6 Ba6 26. Qd6 Rbe8 27. Kf2 f4 28.
Bf3 Qxh3 29. Rh1 Qxg3+ 30. Kf1 g4 31. Ne4 gxf3 32. Nxg3 fxg3 33. exf3 Bxc4+ 34.
Kg2 Bd5 35. Rf1 d3 36. Qb4 Rf5 37. c7 Rc8 38. Qe7 Rcf8 39. Qd8 Rxf3 40. Rxf3
Bxf3+ 41. Kxg3 1-0

[Event "VII Open Basso Veronese"]
[Site "Casaleone ITA"]
[Date "2014.05.17"]
[Round "2"]
[White "Benetti, Lorenzo"]
[Black "Belloni, Umberto"]
[WhiteElo "1686"]
[BlackElo "1757"]
[Result "1-0"]
[PlyCount "149"]
[EventDate "2014.05.16"]

1. d4 e6 2. c4 d5 3. Nc3 a6 4. cxd5 exd5 5. Nf3 Be7 6. Bf4 c6 7. Rc1 f6 8. e3
Bg4 9. h3 Bh5 10. Be2 Bd6 11. Bxd6 Qxd6 12. Qb3 b5 13. O-O Ne7 14. e4 Bf7 15.
e5 fxe5 16. Nxe5 O-O 17. Bg4 Ra7 18. Rfe1 Bg6 19. Ne4 Bxe4 20. Rxe4 Qf6 21. Nf3
Nf5 22. Rf4 g6 23. Bxf5 gxf5 24. Ne5 Rg7 25. Nxc6 Qd6 26. Ne5 Kh8 27. Rc5 Qh6
28. Qf3 Rfg8 29. Kf1 Nd7 30. Nxd7 Rxd7 31. Rxf5 Rdg7 32. g4 Qd2 33. Qe2 Qxd4
34. Rcxd5 Qa4 35. b3 Qa3 36. Qc2 Qe7 37. Qc3 Qe4 38. Rde5 Qh1+ 39. Ke2 b4 40.
Qd3 Qa1 41. Qc2 Qd4 42. Qd2 Qb6 43. Re4 a5 44. Ree5 Qc7 45. f3 Rd8 46. Qb2 Kg8
47. Rg5 Rc8 48. Rxg7+ Qxg7 49. Kf2 Qh6 50. Kg2 Qg6 51. Re2 Re8 52. Rd2 Qb6 53.
Qd4 Qa6 54. Qd5+ Kh8 55. Kg3 Qa7 56. Rd4 Qb8+ 57. Kh4 Rf8 58. f4 Rxf4 59. Rxf4
Qxf4 60. Qd8+ Kg7 61. Qg5+ Qxg5+ 62. Kxg5 h6+ 63. Kf5 Kf7 64. h4 Kg7 65. g5
hxg5 66. hxg5 Kf7 67. g6+ Kg7 68. Kg5 Kg8 69. Kf6 Kf8 70. Ke6 Kg7 71. Kf5 Kg8
72. Ke5 Kg7 73. Kd5 Kxg6 74. Kc5 a4 75. bxa4 1-0

[Event "VII Open Basso Veronese"]
[Site "Casaleone ITA"]
[Date "2014.05.17"]
[Round "2"]
[White "Bonini, Roberto"]
[Black "Magnabosco, Mauro Denis"]
[WhiteElo "1859"]
[BlackElo "1815"]
[Result "1-0"]
[PlyCount "65"]
[EventDate "2014.05.16"]

1. e4 c5 2. Nf3 e6 3. d4 cxd4 4. Nxd4 Nc6 5. Be3 a6 6. Nc3 Nf6 7. Nxc6 bxc6 8.
e5 Nd5 9. Nxd5 cxd5 10. Bd3 Qc7 11. Bd4 g6 12. O-O Bg7 13. Qe2 O-O 14. Rac1 d6
15. f4 Qb8 16. c3 Bb7 17. Rc2 Rc8 18. h4 dxe5 19. fxe5 Qc7 20. Qe3 Bc6 21. Rcf2
Be8 22. h5 Qe7 23. Qg3 g5 24. Bb1 h6 25. Qd3 a5 26. Qh7+ Kf8 27. Rf6 Rab8 28.
b3 a4 29. Rxh6 axb3 30. Rg6 Qd7 31. Qxg7+ Ke7 32. Qf6+ Kf8 33. Rh6 1-0

[Event "VII Open Basso Veronese"]
[Site "Casaleone ITA"]
[Date "2014.05.17"]
[Round "2"]
[White "De Paoli, Emilio"]
[Black "Zanini, Andrea"]
[WhiteElo "1780"]
[BlackElo "1685"]
[Result "0-1"]
[PlyCount "130"]
[EventDate "2014.05.16"]

1. e4 b6 2. b4 e6 3. b5 Bb7 4. Bb2 Bxe4 5. d3 Bb7 6. Nd2 Nf6 7. Ngf3 c5 8. c4
d5 9. Qe2 d4 10. a4 a5 11. Ng5 h6 12. Nge4 Nbd7 13. Rg1 Nxe4 14. Nxe4 Nf6 15.
Nxf6+ Qxf6 16. g3 Bf3 17. Qd2 Qe5+ 18. Be2 Be7 19. Kd1 Bg5 20. Qc2 Bxe2+ 21.
Qxe2 Qxe2+ 22. Kxe2 Kd7 23. h4 Be7 24. Rae1 g5 25. h5 g4 26. Bc1 Bg5 27. f4
gxf3+ 28. Kxf3 Bxc1 29. Rxc1 Rhg8 30. Rc2 Rg5 31. Rh2 Rag8 32. Rh3 Re5 33. Kf2
Re3 34. Rh4 Rxd3 35. Rf4 Rg7 36. Rf6 Rh7 37. g4 Ke7 38. Rf3 Rd2+ 39. Kg3 Rc2
40. Rgf1 Rxc4 41. g5 hxg5 42. Kg4 Rxa4 43. Kxg5 Ra2 44. Rh1 Rg2+ 45. Kf4 f5 46.
Rfh3 Kf6 47. Kf3 Rg4 48. h6 e5 49. Ke2 e4 50. Ra3 Kg5 51. Rah3 Rg2+ 52. Kf1 Rg4
53. Ke2 c4 54. Rh5+ Kg6 55. R5h2 c3 56. Kd1 f4 57. Rh5 f3 58. Rd5 f2 59. Rd6+
Kg5 60. Rd5+ Kf4 61. Ke2 Kg3 62. Rdh5 e3 63. R1h3+ Kf4 64. Rf3+ Ke4 65. Rf8 d3+
0-1

[Event "VII Open Basso Veronese"]
[Site "Casaleone ITA"]
[Date "2014.05.17"]
[Round "2"]
[White "Ferretti, Alessandro"]
[Black "Binder, Andrea"]
[WhiteElo "2016"]
[BlackElo "1862"]
[Result "1-0"]
[PlyCount "133"]
[EventDate "2014.05.16"]

1. e4 d6 2. d4 Nf6 3. Nc3 g6 4. f4 Bg7 5. Nf3 c5 6. Bb5+ Bd7 7. e5 Ng4 8. e6
Bxb5 9. exf7+ Kf8 10. Nxb5 Qa5+ 11. Nc3 cxd4 12. Nxd4 Nc6 13. Ne6+ Kxf7 14.
Nxg7 Nh6 15. Nh5 gxh5 16. O-O Ng4 17. Qd5+ Qxd5 18. Nxd5 Nd4 19. c3 Nf5 20. Bd2
Rhg8 21. Rae1 Rg6 22. h3 Nf6 23. Ne3 Ng3 24. Rf3 Nge4 25. Rd1 Rc8 26. Be1 Rc6
27. Bh4 Rb6 28. Bxf6 Nxf6 29. b3 Ne4 30. Nd5 Ra6 31. Re1 Ra5 32. Nxe7 Re6 33.
Rfe3 Rxe7 34. Rxe4 Rxe4 35. Rxe4 Rxa2 36. Rb4 b6 37. Rb5 h4 38. Rh5 Kg6 39. Rd5
Rc2 40. c4 Rb2 41. Rxd6+ Kf5 42. Rd7 Kxf4 43. Rxa7 Rxb3 44. Rxh7 Kg5 45. Rg7+
Kh5 46. Rg4 b5 47. Kf2 bxc4 48. Rxc4 Ra3 49. Re4 Rb3 50. Re3 Rb4 51. Kf3 Rb2
52. Re5+ Kg6 53. Re2 Rb3+ 54. Kf4 Rg3 55. Re8 Kg7 56. Re2 Kf6 57. Rf2 Kg6 58.
Ra2 Kf6 59. Ra6+ Kg7 60. Ra7+ Kg6 61. Ra8 Kg7 62. Ra5 Kg6 63. Ra2 Kf6 64. Ke4
Kg6 65. Rf2 Kg5 66. Rf8 Kg6 67. Rg8+ 1-0

[Event "VII Open Basso Veronese"]
[Site "Casaleone ITA"]
[Date "2014.05.17"]
[Round "2"]
[White "Giuriato, Sergio"]
[Black "Negro, Roberto"]
[WhiteElo "1946"]
[BlackElo "2155"]
[Result "1/2-1/2"]
[PlyCount "28"]
[EventDate "2014.05.16"]

1. d4 Nf6 2. c4 e6 3. g3 d5 4. Nf3 Bb4+ 5. Bd2 Be7 6. Bg2 c6 7. Qc2 b6 8. O-O
O-O 9. Bf4 Na6 10. a3 Bb7 11. b4 Rc8 12. c5 Nb8 13. Nc3 Nbd7 14. Rfb1 Nh5
1/2-1/2

[Event "VII Open Basso Veronese"]
[Site "Casaleone ITA"]
[Date "2014.05.17"]
[Round "2"]
[White "Ljubisavljevic, Zivojin Z."]
[Black "Zanchetta, Nicola"]
[WhiteElo "2128"]
[BlackElo "1937"]
[Result "1/2-1/2"]
[PlyCount "178"]
[EventDate "2014.05.16"]

1. c4 e5 2. Nc3 Nf6 3. g3 Bc5 4. Bg2 c6 5. e3 O-O 6. Na4 Be7 7. d4 exd4 8. Qxd4
Qa5+ 9. Nc3 Bc5 10. Qd3 Na6 11. Nge2 Bb4 12. O-O Nc5 13. Qc2 d6 14. a3 Bxc3 15.
Nxc3 Na6 16. Bd2 Qh5 17. f3 Bh3 18. Ne2 Bxg2 19. Kxg2 Rfe8 20. Nf4 Qe5 21. e4
Nc5 22. Bc3 Qe7 23. Rad1 Rad8 24. Rfe1 Nfd7 25. Nh5 f6 26. g4 Ne5 27. b3 Ne6
28. Rf1 g6 29. Ng3 Nf4+ 30. Kh1 Kf7 31. Qd2 Ne6 32. Qh6 Rh8 33. Qe3 b6 34. Rd2
Ng7 35. g5 fxg5 36. f4 gxf4 37. Qxf4+ Ke8 38. Rxd6 Rxd6 39. Bxe5 g5 40. Bxd6
gxf4 41. Bxe7 fxg3 42. Bh4 gxh2 43. Rd1 Rf8 44. Rd8+ Kf7 45. Rd7+ Kg6 46. Rxa7
Rf3 47. b4 Rh3 48. Bf2 Nh5 49. Rc7 Kg5 50. a4 Kg4 51. Rf7 Rb3 52. Kxh2 Rxb4 53.
e5 Rb2 54. e6 Nf4 55. Kg1 Rb1+ 56. Kh2 Rb2 57. Kg1 Rb1+ 58. Kh2 Nxe6 59. Be3
Rb3 60. Bc1 Rc3 61. Rf6 Rxc1 62. Rxe6 Rxc4 63. Rh6 Kg5 64. Rd6 h5 65. Kg2 h4
66. Re6 Kf5 67. Rh6 Ke5 68. a5 b5 69. a6 Kd5 70. Rh5+ Kd6 71. a7 Ra4 72. Rxh4
Rxa7 73. Kf3 Ra3+ 74. Ke2 Kc5 75. Kd2 b4 76. Kc2 Kb5 77. Kb2 c5 78. Rh2 Rg3 79.
Ka2 c4 80. Kb2 Ka4 81. Rh8 Rg2+ 82. Kb1 Kb3 83. Rh1 c3 84. Rf1 Ka3 85. Rf8 Rb2+
86. Ka1 b3 87. Ra8+ Kb4 88. Ra4+ Kb5 89. Rb4+ Kxb4 1/2-1/2

[Event "VII Open Basso Veronese"]
[Site "Casaleone ITA"]
[Date "2014.05.17"]
[Round "2"]
[White "Luciani, Valerio"]
[Black "Guerra, Alessandro"]
[WhiteElo "2213"]
[BlackElo "2214"]
[Result "1/2-1/2"]
[PlyCount "157"]
[EventDate "2014.05.16"]

1. b3 e5 2. Bb2 Nc6 3. e4 Nf6 4. Nc3 Bc5 5. Be2 d5 6. exd5 Nxd5 7. Na4 Be7 8.
Nf3 e4 9. Nd4 Nxd4 10. Bxd4 Bf6 11. Bxf6 Qxf6 12. Qc1 Nf4 13. Bf1 Bd7 14. Nc3
O-O 15. Qb2 Bc6 16. O-O-O Ng6 17. Bc4 Qxf2 18. h4 Qd4 19. h5 Ne5 20. Be2 f5 21.
h6 g6 22. g3 a6 23. Rh4 Rad8 24. Kb1 b5 25. a3 Rd7 26. d3 Qf2 27. dxe4 Qxg3 28.
Rdh1 Re7 29. R4h3 Qg5 30. Nd5 Bxd5 31. exd5 Qf6 32. Rh4 f4 33. Bg4 Nxg4 34.
Rxg4 Qxb2+ 35. Kxb2 Re5 36. c4 f3 37. Rf1 Re2+ 38. Kc3 Re3+ 39. Kb4 Rb8 40. Kc5
Rb6 41. Rf4 bxc4 42. bxc4 g5 43. R4xf3 Rxf3 44. Rxf3 Rxh6 45. Rg3 Rg6 46. Kd4
h5 47. Ke5 g4 48. Kf5 Kf7 49. c5 Rf6+ 50. Kg5 Rf3 51. Rg1 Rd3 52. Kxh5 Rxd5+
53. Kxg4 Rxc5 54. Kf4 Ke7 55. Ke4 Ra5 56. Ra1 Kd6 57. Kd4 Ra4+ 58. Kc3 Rh4 59.
Rg1 Rh3+ 60. Kb4 c5+ 61. Kc4 Rh4+ 62. Kc3 Kc6 63. Rg8 Kb5 64. Rb8+ Ka4 65. Rc8
Rh5 66. Ra8 a5 67. Kc4 Rh3 68. Kxc5 Rxa3 69. Kc4 Rh3 70. Ra7 Rh5 71. Kc3 Ka3
72. Kc2 Rb5 73. Rc7 Rb4 74. Rc3+ Ka2 75. Rc5 a4 76. Kc1 a3 77. Rc2+ Ka1 78. Rc3
a2 79. Kc2 1/2-1/2

[Event "VII Open Basso Veronese"]
[Site "Casaleone ITA"]
[Date "2014.05.17"]
[Round "2"]
[White "Moscato, Riccardo"]
[Black "Rondelli, Roberto"]
[WhiteElo "1609"]
[BlackElo "1746"]
[Result "1-0"]
[PlyCount "43"]
[EventDate "2014.05.16"]

1. d4 e6 2. Nf3 d5 3. Bf4 c5 4. c4 Nf6 5. Nc3 a6 6. dxc5 Bxc5 7. cxd5 exd5 8.
e3 Nc6 9. Be2 O-O 10. Bg5 Be7 11. O-O Be6 12. Nd4 Ne4 13. Nxe6 fxe6 14. Bxe7
Qxe7 15. Nxe4 dxe4 16. Qc2 Qf6 17. Qxe4 Ne7 18. Bc4 Qxb2 19. Qxe6+ Kh8 20. Qxe7
Rxf2 21. Rxf2 Qxa1+ 22. Rf1 1-0

[Event "VII Open Basso Veronese"]
[Site "Casaleone ITA"]
[Date "2014.05.17"]
[Round "2"]
[White "Mulone, Gaspare"]
[Black "Paler, Adrian"]
[WhiteElo "1548"]
[BlackElo "2012"]
[Result "0-1"]
[PlyCount "82"]
[EventDate "2014.05.16"]

1. e4 c5 2. Nf3 d6 3. Bb5+ Bd7 4. Bxd7+ Qxd7 5. O-O e6 6. d4 cxd4 7. Nxd4 Nf6
8. Nc3 a6 9. a4 b6 10. Qf3 Qb7 11. Be3 Nbd7 12. Bg5 Be7 13. Rfd1 Rc8 14. Rd2
O-O 15. Rad1 Ne5 16. Qe2 Nc4 17. Bxf6 Bxf6 18. Qf3 Nxd2 19. Rxd2 Rfd8 20. Nde2
b5 21. axb5 axb5 22. Qd3 Ra8 23. Rd1 b4 24. Qb5 Qxb5 25. Nxb5 Bxb2 26. g3 Ra1
27. Rxa1 Bxa1 28. Kf1 d5 29. f3 dxe4 30. fxe4 Rd1+ 31. Kf2 Rd2 32. Ke3 Rxc2 33.
Kd3 Rc8 34. h3 e5 35. g4 f6 36. Na7 Rc5 37. Kd2 Bb2 38. h4 Kf7 39. h5 Ke7 40.
Ng3 g6 41. h6 Bc1+ 0-1

[Event "VII Open Basso Veronese"]
[Site "Casaleone ITA"]
[Date "2014.05.17"]
[Round "2"]
[White "Negro, Raffaele"]
[Black "Solinas, Roberto"]
[WhiteElo "1808"]
[BlackElo "1719"]
[Result "1-0"]
[PlyCount "51"]
[EventDate "2014.05.16"]

1. d4 d5 2. Bf4 Nf6 3. e3 e6 4. Nf3 b6 5. Nbd2 c5 6. c3 Be7 7. Bd3 O-O 8. Ne5
Bb7 9. Qf3 Nc6 10. Qh3 Rc8 11. g4 Nxe5 12. dxe5 Ne4 13. f3 Bh4+ 14. Bg3 Nxd2
15. Kxd2 g5 16. Bxh4 gxh4 17. g5 f5 18. gxf6 Qd7 19. Qxh4 Kh8 20. Rhg1 Rg8 21.
Rg3 Rxg3 22. hxg3 d4 23. Rh1 dxc3+ 24. Kxc3 Rd8 25. Qxh7+ Qxh7 26. Rxh7+ 1-0

[Event "VII Open Basso Veronese"]
[Site "Casaleone ITA"]
[Date "2014.05.17"]
[Round "2"]
[White "Omeri, Silvan"]
[Black "Oppici, Gabriele"]
[WhiteElo "2186"]
[BlackElo "1973"]
[Result "1-0"]
[PlyCount "85"]
[EventDate "2014.05.16"]

1. Nf3 d6 2. d4 Nf6 3. Nc3 Bg4 4. e4 Nc6 5. Be3 e6 6. h3 Bh5 7. Bd3 Be7 8. a3
d5 9. e5 Nd7 10. Qd2 a6 11. Ne2 Na7 12. Nf4 Bg6 13. Nxg6 hxg6 14. b4 a5 15. O-O
O-O 16. c3 b6 17. Bg5 c5 18. bxc5 bxc5 19. Rfb1 Bxg5 20. Nxg5 cxd4 21. cxd4 Nc6
22. f4 Qe7 23. Bb5 Na7 24. Ba4 Rfb8 25. Rxb8+ Rxb8 26. Qxa5 Rb7 27. Bxd7 Qxd7
28. Rc1 f6 29. Nf3 Kh7 30. Kh2 Nc8 31. Qe1 Kg8 32. Qh4 Ne7 33. exf6 Nf5 34. f7+
Kxf7 35. Ne5+ Kg8 36. Qg5 Qe8 37. Nxg6 Nxd4 38. Qh5 Nf5 39. Rc8 Qxc8 40. Qh8+
Kf7 41. Qxc8 Rb3 42. Ne5+ Kf6 43. Qf8# 1-0

[Event "VII Open Basso Veronese"]
[Site "Casaleone ITA"]
[Date "2014.05.17"]
[Round "2"]
[White "Pegoraro, Nicola"]
[Black "Coratella, Giuseppe"]
[WhiteElo "1999"]
[BlackElo "2207"]
[Result "0-1"]
[PlyCount "148"]
[EventDate "2014.05.16"]

1. e4 e6 2. d4 d5 3. e5 c5 4. c3 Nc6 5. Nf3 Qb6 6. a3 Bd7 7. b4 cxd4 8. cxd4
Rc8 9. Be3 Nh6 10. Bd3 Nf5 11. O-O Be7 12. Nbd2 Qd8 13. Nb3 b6 14. Qe2 O-O 15.
Bd2 g6 16. b5 Na5 17. Nxa5 bxa5 18. Rfb1 Qb6 19. Bxf5 exf5 20. Qe1 Bd8 21. a4
Rc4 22. Rc1 Be6 23. Be3 Qb7 24. Nd2 Rb4 25. Nf3 Rc4 26. Nd2 Bb6 27. Nb3 Rb4 28.
Nc5 Qe7 29. Qd2 Bd8 30. Nd3 Rb3 31. Rcb1 Rxb1+ 32. Rxb1 g5 33. f4 h6 34. Nc5
Kh8 35. Qe2 Rg8 36. Rb3 Rg6 37. Bd2 Bb6 38. Rc3 gxf4 39. Bxf4 Qh4 40. Qf2 Qh5
41. Qf3 Qh4 42. Qf2 Qg4 43. Qf3 Kh7 44. Qxg4 fxg4 45. Nxe6 Rxe6 46. Kf1 Bxd4
47. Rc7 Kg6 48. g3 Bb6 49. Rd7 d4 50. Ke2 f6 51. Rd6 Rxd6 52. exd6 h5 53. Kd3
Kf5 54. Kc4 Ke6 55. Kd3 Bc5 56. Bd2 Bxd6 57. Bxa5 h4 58. Be1 Kd5 59. Bf2 hxg3
60. hxg3 Be5 61. a5 f5 62. b6 axb6 63. axb6 Kc6 64. Bxd4 Bxg3 65. Bg1 Kd5 66.
Ke3 Bb8 67. Kd3 f4 68. Bf2 Be5 69. Bh4 Bd6 70. Bd8 Kc6 71. Ke4 f3 72. Bh4 Kxb6
73. Bf2+ Bc5 74. Bg3 f2 0-1

[Event "VII Open Basso Veronese"]
[Site "Casaleone ITA"]
[Date "2014.05.17"]
[Round "2"]
[White "Pisani, Valerio"]
[Black "Molinaroli, Giacomo"]
[WhiteElo "1722"]
[BlackElo "1897"]
[Result "0-1"]
[PlyCount "76"]
[EventDate "2014.05.16"]

1. e4 e5 2. Nf3 Nc6 3. Bb5 a6 4. Bxc6 dxc6 5. h3 Nf6 6. d3 Bd6 7. Nc3 h6 8. Be3
c5 9. a4 Be6 10. a5 Qe7 11. Qe2 O-O-O 12. Nd2 g5 13. g4 Rdg8 14. O-O-O c6 15.
Na4 Nd7 16. Nc4 Bc7 17. Ncb6+ Nxb6 18. axb6 Bd6 19. Qd2 c4 20. dxc4 Rd8 21. Qc3
f6 22. c5 Bb8 23. b4 h5 24. Rxd8+ Rxd8 25. f3 Qh7 26. Qe1 Rh8 27. Qg3 hxg4 28.
fxg4 Qxe4 29. Qe1 Qc4 30. Qf1 Qe4 31. Bd2 Bxg4 32. Nc3 Qf3 33. Qxf3 Bxf3 34.
Rg1 Rxh3 35. Nd1 e4 36. Ne3 Bf4 37. Nc4 Bb8 38. Bxg5 fxg5 0-1

[Event "VII Open Basso Veronese"]
[Site "Casaleone ITA"]
[Date "2014.05.17"]
[Round "2"]
[White "Tencheni, Maurizio"]
[Black "De Bortoli, Francesco"]
[WhiteElo "1700"]
[BlackElo "1793"]
[Result "0-1"]
[PlyCount "114"]
[EventDate "2014.05.16"]

1. b3 e5 2. Bb2 Nc6 3. e3 a6 4. c4 Nf6 5. Be2 d5 6. cxd5 Nxd5 7. Nc3 Be6 8. Nf3
Nxc3 9. Bxc3 Bd6 10. d4 e4 11. Nd2 Bd5 12. f3 Qh4+ 13. Kf1 O-O 14. Bc4 Ne7 15.
Qe1 exf3 16. Bxd5 f2 17. Qxf2 Qxf2+ 18. Kxf2 Nxd5 19. Ne4 Rae8 20. Nxd6 cxd6
21. Bd2 Re4 22. Rae1 Rfe8 23. g3 f5 24. h3 h5 25. Rhg1 Kf7 26. Kf3 Kf6 27. g4
hxg4+ 28. hxg4 fxg4+ 29. Rxg4 Rxg4 30. Kxg4 Re4+ 31. Kf3 Kf5 32. Rh1 Nf6 33.
Rh8 g5 34. Rh6 g4+ 35. Kg3 Re7 36. Kg2 Rc7 37. Bb4 Rc2+ 38. Kg1 Kg5 39. Rh8
Rxa2 40. Bxd6 Ra1+ 41. Kg2 Ra2+ 42. Kg1 Kf5 43. Rf8 Ke6 44. Be5 Nd5 45. Re8+
Kf5 46. Rf8+ Ke4 47. Rf2 Rxf2 48. Kxf2 Nxe3 49. Kg3 Nc2 50. b4 Nxb4 51. Kxg4
Nc2 52. Kg3 Nxd4 53. Bc7 Kd3 54. Kf2 Nc2 55. Kf3 b5 56. Be5 a5 57. Kf4 a4 0-1

[Event "VII Open Basso Veronese"]
[Site "Casaleone ITA"]
[Date "2014.05.17"]
[Round "3"]
[White "Belloni, Umberto"]
[Black "Pisani, Valerio"]
[WhiteElo "1757"]
[BlackElo "1722"]
[Result "1/2-1/2"]
[PlyCount "105"]
[EventDate "2014.05.16"]

1. d4 Nf6 2. c3 d5 3. Bg5 e6 4. e3 Be7 5. Bxf6 Bxf6 6. f4 Nd7 7. Bd3 c5 8. Nd2
Qc7 9. g3 c4 10. Bc2 b5 11. a3 a5 12. Ngf3 Bb7 13. O-O a4 14. e4 O-O-O 15. exd5
Bxd5 16. Ne5 Nxe5 17. fxe5 Bg5 18. Qe2 f6 19. exf6 Bxf6 20. Ne4 Be7 21. Rf7
Rdg8 22. Re1 Qd8 23. Nc5 Bxc5 24. dxc5 Qg5 25. Qe5 Qxe5 26. Rxe5 g6 27. Be4 Rd8
28. Bxd5 Rxd5 29. Re2 Rxc5 30. Rxe6 Rd5 31. Re2 h5 32. Kf2 g5 33. Kg2 g4 34.
Ref2 Rhd8 35. h3 Rd2 36. hxg4 hxg4 37. Rf8 Rxf2+ 38. Rxf2 Kc7 39. Kf1 Kc6 40.
Rf6+ Rd6 41. Rf2 Rd3 42. Rf6+ Kd5 43. Rf5+ Ke4 44. Rxb5 Rxg3 45. Rc5 Kd3 46.
Kf2 Rh3 47. Kg2 Re3 48. Rb5 Kc2 49. Rb4 Re4 50. Kg3 Kb1 51. Kf2 Ka2 52. Kg3 Kb1
53. Kf2 1/2-1/2

[Event "VII Open Basso Veronese"]
[Site "Casaleone ITA"]
[Date "2014.05.17"]
[Round "3"]
[White "Bertani, Gianfranco"]
[Black "Benetti, Lorenzo"]
[WhiteElo "2048"]
[BlackElo "1686"]
[Result "1-0"]
[PlyCount "55"]
[EventDate "2014.05.16"]

1. d4 f5 2. Nc3 Nf6 3. Bg5 d5 4. e3 e6 5. Nf3 Nbd7 6. Ne5 Bd6 7. f4 c6 8. Bd3
Qc7 9. Qe2 O-O 10. h3 Ne4 11. Bxe4 fxe4 12. O-O-O b5 13. Rdg1 Bb4 14. Nd1 Nxe5
15. dxe5 Rf7 16. g4 Bd7 17. Bh4 Qa5 18. Kb1 Qb6 19. g5 Rf5 20. Nf2 Bc5 21. Ng4
Bf8 22. Bg3 a5 23. h4 b4 24. h5 Be7 25. Be1 c5 26. Nf6+ gxf6 27. gxf6+ Kf7 28.
Rg7+ 1-0

[Event "VII Open Basso Veronese"]
[Site "Casaleone ITA"]
[Date "2014.05.17"]
[Round "3"]
[White "Binder, Andrea"]
[Black "Mulone, Gaspare"]
[WhiteElo "1862"]
[BlackElo "1548"]
[Result "0-1"]
[PlyCount "93"]
[EventDate "2014.05.16"]

1. e4 g6 2. d4 d6 3. Nc3 Bg7 4. Be3 Nf6 5. f3 O-O 6. Qd2 Nc6 7. g4 Bd7 8. h4 b6
9. O-O-O a6 10. h5 b5 11. hxg6 fxg6 12. Nh3 b4 13. Bc4+ e6 14. Ne2 a5 15. Nhf4
Qe7 16. g5 Ne8 17. Rdf1 Nd8 18. Nd3 c6 19. f4 d5 20. exd5 exd5 21. Bb3 a4 22.
Nxb4 axb3 23. cxb3 Nd6 24. Ng3 Nf5 25. Bf2 Nxg3 26. Bxg3 Bf5 27. Re1 Qd6 28. a3
Qd7 29. Bf2 Rf7 30. Rh4 Bf8 31. Nd3 Bd6 32. Ne5 Bxe5 33. dxe5 Ne6 34. Rd1 Qb7
35. b4 Qb5 36. Bd4 Qc4+ 37. Qc3 Nxd4 38. Qxc4 dxc4 39. Rxd4 c3 40. Rh2 c2 41.
Rhd2 Rff8 42. Rd6 Rac8 43. b3 Kf7 44. Rh2 Rh8 45. a4 Kg7 46. Rdd2 Rhd8 47. a5
0-1